19th-century fashion in detail / (Record no. 9933)
[ view plain ]
| 000 -LEADER | |
|---|---|
| fixed length control field | 01878nam a22002657a 4500 |
| 005 - ΗΜΕΡΟΜΗΝΙΑ ΚΑΙ ΩΡΑ ΤΕΛΕΥΤΑΙΑΣ ΕΝΗΜΕΡΩΣΗΣ | |
| Πεδίο ελέγχου | 20250912095733.0 |
| 006 - FIXED-LENGTH DATA ELEMENTS--ADDITIONAL MATERIAL CHARACTERISTICS | |
| Πεδίο ελέγχου σταθερού μήκους | a|||||r||||||||||| |
| 008 - FIXED-LENGTH DATA ELEMENTS--GENERAL INFORMATION | |
| Πεδίο ελέγχου σταθερού μήκους | s2016 nyua b 001 0 eng | |
| 020 ## - ISBN | |
| ISBN | 9780500292648 |
| 040 ## - ΠΗΓΗ ΚΑΤΑΛΟΓΟΓΡΑΦΗΣΗΣ | |
| Φορέας πρωτότυπης καταλογογράφησης | MC Athens Campus Library |
| Γλώσσα καταλογογράφησης | Αγγλικά |
| Κανόνες περιγραφικής καταλογογράφησης | AACR2 |
| 100 ## - MAIN ENTRY--PERSONAL NAME | |
| Personal name | Johnston, Lucy |
| 9 (RLIN) | 10107 |
| 245 10 - ΤΙΤΛΟΣ ΚΑΙ ΔΗΛΩΣΗ ΥΠΕΥΘΥΝΟΤΗΤΑΣ | |
| Τίτλος | 19th-century fashion in detail / |
| Statement of responsibility, etc. | Lucy Johnston with Marion Kite and helen Persson ; photographs by Richard Davis ; drawings by Leonie Davis. |
| 246 3# - VARYING FORM OF TITLE | |
| Title proper/short title | Nineteenth-century fashion in detail |
| 250 ## - EDITION STATEMENT | |
| Edition statement | Revised and expanded edition |
| 264 #1 - PRODUCTION, PUBLICATION, DISTRIBUTION, MANUFACTURE, AND COPYRIGHT NOTICE | |
| Place of production, publication, distribution, manufacture | New York, NY : |
| Name of producer, publisher, distributor, manufacturer | Thames & Hudson, |
| Date of production, publication, distribution, manufacture, or copyright notice | 2016. |
| 300 ## - PHYSICAL DESCRIPTION | |
| Extent | 240 p. : |
| Other physical details | ill. ; |
| Διαστάσεις | 29 cm. |
| 500 ## - GENERAL NOTE | |
| Γενική σημείωση | First published in the United Kingdom in 2005 by the Victoria and Albert Museum, London |
| 504 ## - ΣΗΜΕΙΩΣΗ ΒΙΒΛΙΟΓΡΑΦΙΑΣ κλπ. | |
| Σημείωση βιβλιογραφίας, κλπ. | Includes bibliographical references (pages 236, 238) and index. |
| 520 ## - SUMMARY, ETC. | |
| Summary, etc. | Fashion in Detail: 1800–1900 showcases the opulence and variety of nineteenth century fashion through exquisite color photography of garment details paired with line drawings showing the complete construction of each piece. From the delicate embroidery on neoclassical gowns to the vibrant colors of crinolines and the elegant tailoring of men’s coats, the richness of the period is revealed in breathtaking detail. The featured garments, drawn from the Victoria and Albert Museum’s world-class collection, were at the height of fashion in their day. They display a remarkable range of colors, materials, and construction details: from the intricate boning of women’s corsets to the patterned silk of men’s waistcoats. Seen up close and further illuminated by detailed commentary, these carefully chosen garments illustrate many of the major themes of nineteenth-century dress. |
| 650 #0 - SUBJECT ADDED ENTRY--TOPICAL TERM | |
| Topical term or geographic name entry element | Clothing and dress |
| General subdivision | History |
| 9 (RLIN) | 10087 |
| 650 #0 - SUBJECT ADDED ENTRY--TOPICAL TERM | |
| Topical term or geographic name entry element | Fashion |
| 9 (RLIN) | 9926 |
| 650 #0 - SUBJECT ADDED ENTRY--TOPICAL TERM | |
| Topical term or geographic name entry element | Fashion design |
| 9 (RLIN) | 10081 |
| 942 ## - ADDED ENTRY ELEMENTS (KOHA) | |
| Koha item type | Books |
| Τύπος τεκμηρίου | Βιβλιοθήκη | Τρέχουσα τοποθεσία | Barcode | Αριθμός εισαγωγής | Ημερομηνία απόκτησης | Ταξιθετικό σύμβολο | Αριθμός αντιτύπου | Κατάσταση απόσυρσης | Κατάσταση χαμένου | Κατάσταση κατεστραμμένου | Μη δανεισμός | Σύνολο δανεισμών | Ημερομηνία τελευταίας εμφάνισης | Η τιμή ισχύει από |
|---|---|---|---|---|---|---|---|---|---|---|---|---|---|---|
| Books | MC Athens Campus Library | MC Athens Campus Library | 9780000099044 | 8059 | 12/09/2025 | 792.026 JOH | 1 | 12/09/2025 | 12/09/2025 |